000 00687cab a2200229 4500
001 WB3309-05
008 090401t1997 xxu||||| |||| 00| 0 eng d
035 _a(Sirsi) u59697
041 _aeng
245 _aWimpey reaps benefit of Tarmac swap
260 _c1997
350 _a0
490 _aFinancial Times
_v26 February 1997, 31(1)
520 _aWimpey, the UK`s biggest housebuilder, doubled pre-tax profits in 1996 from £15.6m to £31.5m as it reaped the first benefit of its £600m asset swap with Tarmac.
650 _aHOUSEBUILDER
650 _aRESULTS
650 _aTARMAC
650 _aWIMPEY
690 _aBUILT ENVIRONMENT
942 _n0
948 _c04/03/1997
999 _c36668
_d36668